| 000 | 01795nam a22002895a 4500 | ||
|---|---|---|---|
| 003 | OSt | ||
| 005 | 20160908123310.0 | ||
| 008 | 160908s2013 ua frb 000 0 ara d | ||
| 015 | _a2007/22365 | ||
| 020 | _a9771740369 | ||
| 040 |
_aEG-ScBUE _bara _cEG-ScBUE |
||
| 043 |
_af-ua--- _ae-fr--- |
||
| 082 | 0 | 4 |
_a346.03 _bع ب د _222 |
| 100 | 1 |
_aعبد الرحمن، أحمد شوقي محمد. _940827 |
|
| 245 | 1 | 4 |
_aالأحكام القانونية للتطبيقات العملية في المسئولية المدنية. _nالمجلد الأول، _pالمسئولية المدنية الشخصية في الفقه والقضاء المصري والفرنسي / _cأحمد شوقي محمد عبد الرحمن. |
| 250 | _aط. 2. | ||
| 260 |
_a[د. م. : _bد. ن.]، _c2013 _e(القاهرة : _fمطبعة عباد الرحمن) |
||
| 300 |
_aمج. 1 (564 ص.) ؛ _c24 سم. |
||
| 504 | _aيشتمل علي إرجاعات ببليوجرافية. | ||
| 505 | 0 | _aأركان المسئولية المدنية : الخطأ-الضرر-علاقة السببية بينهما -- تأثر المسئولية العقدية بالظروف السابقة واللاحقة على العقد -- المسئولية العقدية للمدين المحترف -- تضامن الشركاء في المسئولية التقصيرية -- مدى التعويض عن تغير الضرر في جسم المضرور وماله في المسئوليتين العقدية والتقصيرية. | |
| 650 | 7 |
_aالمسئولية المدنية _zمصر. _2BUEsh _941063 |
|
| 650 | 7 |
_aالمسئولية المدنية (فقه إسلامي) _zمصر. _2BUEsh _941064 |
|
| 650 | 7 |
_aالمسئولية المدنية _zفرنسا. _2BUEsh _941093 |
|
| 651 | _2BUEsh | ||
| 653 |
_bLLAAWW _cSeptember2016 |
||
| 942 | _2ddc | ||
| 999 |
_c22347 _d22319 |
||